University Home | Library Home | Institutional Repository

The system of the international organizations of the communist countries / (Record no. 114039)

MARC details
000 -LEADER
fixed length control field 00635cam a2200181 4500
008 - FIXED-LENGTH DATA ELEMENTS--GENERAL INFORMATION
fixed length control field 091119n 000 0 eng u
020 ## - INTERNATIONAL STANDARD BOOK NUMBER
International Standard Book Number 9028603352
035 ## - SYSTEM CONTROL NUMBER
System control number (Sirsi) a167763
040 ## - CATALOGING SOURCE
Original cataloging agency
050 ## - LIBRARY OF CONGRESS CALL NUMBER
Classification number JX 1995 SZA 1976
100 ## - MAIN ENTRY--PERSONAL NAME
Personal name Szawlowski, Richard.
245 ## - TITLE STATEMENT
Title The system of the international organizations of the communist countries /
Statement of responsibility, etc. Richard Szawlowski.
260 ## - PUBLICATION, DISTRIBUTION, ETC.
Place of publication, distribution, etc. Leyden :
Name of publisher, distributor, etc. Sijthoff,
Date of publication, distribution, etc. 1976.
300 ## - PHYSICAL DESCRIPTION
Extent xxix, 322 p. ; 24 cm.
504 ## - BIBLIOGRAPHY, ETC. NOTE
Bibliography, etc. note Includes bibliographical references and indexes.
650 ## - SUBJECT ADDED ENTRY--TOPICAL TERM
Topical term or geographic name entry element International agencies --Communist countries.
650 ## - SUBJECT ADDED ENTRY--TOPICAL TERM
Topical term or geographic name entry element Regionalism (International organization)

No items available.

© 2026 - The University of Zambia Library - Koha v25.11